|
|
|
|
| LEADER |
00000cam a2200000 7i4500 |
| 001 |
0000005332 |
| 002 |
000005761 |
| 005 |
20080513.0 |
| 020 |
|
|
|a 1852272856
|
| 090 |
0 |
0 |
|a 920
|b GOW
|
| 100 |
1 |
|
|a Gowers, Andrew
|
| 245 |
1 |
0 |
|a Behind the myth :
|b Yasser Arafat and the Palastinian revolution
|c Andrew Gowers
|
| 260 |
|
|
|a London :
|b W.H.Allen ,
|c 1990
|
| 300 |
|
|
|a 356p. ;
|c 24cm.
|
| 600 |
0 |
0 |
|a Yasser Arafat
|x Biography
|
| 650 |
0 |
0 |
|a Palestinian actirist
|x Biography
|
| 700 |
1 |
|
|a Walker, Tony
|
| 999 |
|
|
|a 032871
|b BUKU
|c PINJAMAN
|e PERPUSTAKAAN KOMUNITI PETALING JAYA
|
| 999 |
|
|
|a 032872
|b BUKU
|c PINJAMAN
|e PERPUSTAKAAN KOMUNITI PETALING JAYA
|